000 00272nam a2200097Ia 4500
001 639924
005 20250826153437.0
008 250824s9999 xx 000 0 und d
245 0 _aKELİLE VE DİMNE ANTİK OKUL KLASİKLERİ
_cBEYDEBA
260 _bANTİK DÜNYA KLASİKLERİ
999 _c639924
_d639924